Size Battle - Sudden Death - Statistics

General Stats
  • This quiz has been taken 178 times
  • The average score is 4 of 12
Answers on the Grid
Answers color-coded by a green-red scale on the quiz's grid according to % correct below.
Canada
Vietnam
Mexico
Japan
DRC
Zambia
Argentina
Turkmenistan
Saudi Arabia
Colombia
Peru
Mongolia
Australia
Brazil
Kazakhstan
France
Serbia
Cambodia
Paraguay
Philippines
Myanmar
Guyana
Ecuador
Gabon
Somalia
Iraq
Germany
Costa Rica
Cuba
Czech Republic
Angola
Namibia
Ethiopia
Yemen
Oman
Italy
 
Answer Stats
Answer % Correct
Canada
99%
DRC
74%
Argentina
50%
Mongolia
43%
France
34%
Brazil
32%
Myanmar
20%
Ecuador
10%
Angola
9%
Somalia
6%
Yemen
6%
Cuba
4%
No matching quizzes found
Score Distribution
Percent of People with Each Score
Percentile by Number Answered
Your Score History
You have not taken this quiz